000
00316 a2200145 4500
001
180981
020
_a
040
_c
Magnum
100
_a
Moreira, Eliane Et Al
240
1
0
_a
Para que viver ? livro 3
_l
por
245
1
0
_a
Para que viver ? livro 3
362
0
_a
1899
697
_a
MAGNITO: RELIGIAO
942
_c
BK
999
_c
180981
_d
180981